Statistiques concernant 3 indices: 1 série

Cliquez ici pour prendre le quiz!

Statistiques générales

  • Ce quiz a été pris 383 fois
  • Le résultat moyen est 7 sur 30

Statistiques - réponses

HintRéponse% Correct
New York - Central Perk - Tu pues le chatFRIENDS
64%
Seattle - Chirurgie - Ferry BoatGrey's anatomy
61%
Hawaii - Wo Fat - KamekonaHawaii-0
61%
Dragons - George R.R Martin - Garde de nuitGame of thrones
53%
Albuquerque - Heisenberg -Breaking Bad
49%
Jardinier - Pomme - Wisteria LaneDesperate Housewives
49%
Grand condor - Pichu - MendozaLes mystérieuses cités d'or
38%
WOOPH - Compoudrier - Los AngelesTotally Spies
37%
Harvard - Louis Litt - AvocatsSuits
35%
Appel intérieur - NSA - Avion disparuManifest
31%
Beacon Hill - chasseurs - AlphaTeen Wolf
30%
Basket - Dan - Karen's CafeLes frères Scott
28%
Livre des Ombres - San Francisco - PCharmed
23%
Profilage - Hotch - FBIEsprits criminels
23%
Professeur Strauss - Hôpital - StandardH
18%
Cor de chasse bleu - Parapluie jaune -How I met Your mother
18%
Ecosse - Clan - Craigh na DunOutlander
12%
Mr Big - New-York - ChroniquesSex and the city
12%
Charlotte - Basset - WhistledownLa chronique des Bridgerton
11%
Réincarnation - Avocate - MannequinDrop Dead Diva
10%
Stuart - Diane de Poitiers - Deux fois reineReign
10%
Kelly Taylor - Jumeaux Walsh - CalifornieBeverly Hills
9%
FBI - Institut Jefferson - Kathy reichsBones
9%
Casino - Delinda - BaleinesLas Vegas
9%
Niles - 29 ans - SheffieldUne nounou d'enfer
8%
Kate - Ducky - US NavyNCIS: Enquêtes spéciales
6%
Oncle Jesse - Hola Tanneritos! - PamelaLa fête à la maison
4%
Football américain - Beth - OhioGlee
3%
Armées - Judge Avocate General - HarmonJAG
3%
Horseshoe Bay - Malédiction - Lucy SableNancy Drew
1%

Distribution des résultats

Percentile par nombre de réponses

% des personnes avec chaque résultat

Votre développement - résultats

Vous n’avez pas pris ce quiz